ბათუმის შოთა რუსთაველის სახელმწიფო უნივერსიტეტის ბიბლიოთეკა

Global Careers (ბიბ.ჩანაწერი № 51442)

000 -LEADER
fixed length control field 00616nam a2200229Ia 4500
001 - CONTROL NUMBER
control field 18428
003 - CONTROL NUMBER IDENTIFIER
control field GE_BSU
008 - FIXED-LENGTH DATA ELEMENTS--GENERAL INFORMATION
fixed length control field 181216s||||||||xx |||||||||||||| ||und||
020 ## - INTERNATIONAL STANDARD BOOK NUMBER
International Standard Book Number 978-0415446280
040 ## - CATALOGING SOURCE
Transcribing agency GE_BSU
080 ## - UNIVERSAL DECIMAL CLASSIFICATION NUMBER
Universal Decimal Classification number 658.3
100 ## - MAIN ENTRY--PERSONAL NAME
Personal name Dickmann ,Michael, and Yehuda Baruch.
245 ## - TITLE STATEMENT
Title Global Careers
260 ## - PUBLICATION, DISTRIBUTION, ETC.
Place of publication, distribution, etc. London And New York
260 ## - PUBLICATION, DISTRIBUTION, ETC.
Name of publisher, distributor, etc. Routledge
260 ## - PUBLICATION, DISTRIBUTION, ETC.
Date of publication, distribution, etc. 2011
300 ## - PHYSICAL DESCRIPTION
Extent 352 pages,
653 ## - INDEX TERM--UNCONTROLLED
Uncontrolled term Global Careers
653 ## - INDEX TERM--UNCONTROLLED
Uncontrolled term დასაქმება
653 ## - INDEX TERM--UNCONTROLLED
Uncontrolled term წარმოების ორგანიზაცია და მართვა.
942 ## - ADDED ENTRY ELEMENTS (KOHA)
Koha item type წიგნი
ეგზემპლარები
Withdrawn status Lost status Damaged status Not for loan Date acquired Barcode Date last seen Price effective from Koha item type
        2018-12-17 47256 2018-12-17 2018-12-17 წიგნი